000 00977nac a22002411u 4500
008 100907s2001 caui |r|||| 001 0 eng d
010 _a2001092381
020 _a1558602860 (alk. paper)
020 _a9781558602861
082 0 0 _a005.453
_bALL
_222
100 _aAllen, Randy.
_918566
245 1 0 _aOptimizing compilers for modern architectures :
_ba dependence-based approach /
_cRandy Allen, Ken Kennedy.
250 _a1st ed.
260 _aSan Francisco :
_bMorgan Kaufmann Publishers,
_cc2001.
300 _axxv, 790 p. :
_bill. ;
_c25 cm.
504 _aIncludes bibliographical references (p. 743-763) and index.
650 0 _aOptimizing compilers.
_918567
650 0 _aComputer architecture.
_918568
700 1 _aKennedy, Ken.
_918569
856 4 2 _3Publisher description
_uhttp://www.loc.gov/catdir/description/els031/2001092381.html
856 4 2 _3Table of contents
_uhttp://www.loc.gov/catdir/toc/els031/2001092381.html
942 _cBB
_k005.453 ALL
_2ddc
999 _c707
_d707